=LDR 00000nam 2200000 4500 =001 NUTBA000000000003372 =005 20140815170607.0 =006 =007 =008 =020 ##$$a 978-979-15135-9-3 =035 ##$$a 0010-081400000000217 =040 ##$$a Ind =082 ##$$a 610. 73 =090 ##$$a 610. 73$bBad s =100 ##$$a Badrujaman, aip =245 ##$$a Sosiologi untuk mahasiswa keperawatan$cAip badrujaman =250 ##$$a Cet. 1 =260 ##$$a Jakarta$bTrans$c2008 =300 ##$$a 114 Hlm$bIlus$c15 cm. =850 ##$$a NBPNMAT =990 ##$$a 20902743 =990 ##$$a 0001/BPAP-NTB/20142014